000 00739nam a22002177a 4500
999 _c16333
_d16333
003 AR-CdUCM
008 190503b ||||| |||| 00| 0 spa d
040 _aMUNICIPALIDAD PROVINCIAL DEL CUSCO
_cBIBLIOTECA MUNICIPAL DEL CUSCO
082 _a868.323 /
_bCZ6
100 _aCervantes Saavedra, Miguel de
_93055
245 _aEl casamiento engañoso ; seguido del coloquio entre, Cipión y Berganza :
_bnovelas ejemplares /
260 _aBuenos Aires :
_bAraujo,
_c1964.
300 _a85 paginas ;
_c19 cm.
440 _aColección Programa
_935716
505 _aContenido : Novela
650 _aMiguel de Cervantes
_912044
650 _aNovelas
_9218
650 _aImaginaria
_935717
942 _2ddc
_cLIBROS
945 _awnts
_d2019-05-3